000 nam a22 a 4500
999 _c344709
_d344709
003 BLK
005 20200421143614.0
008 180911b bul|||||r ||||||| ||bul||
010 _a004375
040 _aBLK
041 _aFRE
_cFRE
080 _z016:949.72949.72(01)
100 1 _aMIHOV, Nikola
_eпърви автор
_9400699
245 0 0 _aL`histoire et l`etat actuel de la bibliographie Bulgare
_bRapport
260 _as.l
_c1911
300 _a3 с
_c24 см
380 _a9
490 _aЧастна колекция - Академик Михаил Арнаудов
_gДарение - Основен фонд
500 _aАвтограф с текст: На Проф. М. Арнаудов Н. Михов. в 20/II 911.
655 _aбългарска история
_9396199
700 1 _aN. V. Michoff
_9400700
852 _aМА 4694
942 _cKNG
_n0
_s1
944 _aCR
_c1994
999 _d344709
999 _d344709
999 _d344709